Artistes masculins nommés aux Victoires de la musique - Statistiques

Statistiques générales
  • Ce quiz a été pris 50 fois
    14 depuis la dernière actualisation
  • Le résultat moyen est 30 sur 130
Statistiques - réponses
# Artiste % Correct
1 Gims
88%
9 Johnny Hallyday
88%
5 M
88%
4 Alain Souchon
75%
1 Charles Aznavour
75%
5 Francis Cabrel
75%
1 Garou
75%
4 Jean-Jacques Goldman
75%
1 Kendji Girac
75%
2 Laurent Voulzy
75%
7 Pascal Obispo
75%
4 Patrick Bruel
75%
4 Alain Bashung
63%
1 Eddy Mitchell
63%
3 Julien Doré
63%
1 MC Solaar
63%
5 Orelsan
63%
3 Renaud
63%
2 Stromae
63%
5 Bénabar
50%
1 Ben l'Oncle Soul
50%
5 Calogero
50%
3 Florent Pagny
50%
1 Henri Salvador
50%
1 Jacques Dutronc
50%
2 Jean-Louis Aubert
50%
6 Julien Clerc
50%
3 Marc Lavoine
50%
1 Renan Luce
50%
1 Soprano
50%
2 Thomas Dutronc
50%
3 Vianney
50%
6 Benjamin Biolay
38%
4 Christophe Maé
38%
1 Faudel
38%
1 Gaëtan Roussel
38%
2 Gérald de Palmas
38%
3 Michel Jonasz
38%
4 Michel Sardou
38%
2 Pierre Garnier
38%
1 Tonton David
38%
2 Bernard Lavilliers
25%
1 Christophe
25%
1 Dany Brillant
25%
2 Disiz
25%
9 Étienne Daho
25%
1 François Feldman
25%
1 Hubert-Félix Thiéfaine
25%
2 Khaled
25%
1 Maxime Le Forestier
25%
1 Michel Polnareff
25%
2 Raphael
25%
1 Saez
25%
1 Stéphan Eicher
25%
2 Yannick Noah
25%
2 Abd al Malik
13%
1 Aliocha Schneider
13%
1 Claude Nougaro
13%
1 Doc Gyneco
13%
3 Dominique A
13%
2 Eddy de Pretto
13%
3 Gaël Faye
13%
1 Gazo
13%
1 Grégoire
13%
1 Ino Casablanca
13%
1 Jacques
13%
2 Jean-Louis Murat
13%
1 La Fouine
13%
1 Lomepal
13%
1 Miossec
13%
1 Nilda Fernández
13%
2 Pierre de Maere
13%
1 Sam Sauvage
13%
2 Sanseverino
13%
1 Stomy Bugsy
13%
1 Tété
13%
1 Thomas Fersen
13%
2 Tiakola
13%
3 Vincent Delerm
13%
1 Yann Tiersen
13%
1 Aime Simone
0%
1 ALB
0%
1 Albin de la Simone
0%
1 Alexis HK
0%
1 Anis
0%
1 Arthur H
0%
1 Art Mengo
0%
1 Bazbaz
0%
1 Benjamin Clementine
0%
1 Ben Mazué
0%
1 Broken Back
0%
2 Cali
0%
1 Chien noir
0%
1 Christophe Mali
0%
2 Corneille
0%
1 Da Silva
0%
1 David Koven
0%
1 Éric Morena
0%
1 Faada Freddy
0%
1 Féloche
0%
2 Fred Blondin
0%
1 Gérard Blanc
0%
2 Grand Corps Malade
0%
1 Hatik
0%
1 Hervé
0%
1 Julien Granel
0%
1 Lokua Kanza
0%
1 Lucky Love
0%
1 Lujipeka
0%
1 Mano Solo
0%
1 Manu Chao
0%
1 Manu Katché
0%
1 Matt Houston
0%
1 Ménélik
0%
1 Myd
0%
1 Noé Preszow
0%
1 Nuit Incolore
0%
1 Pep's
0%
3 Philippe Katerine
0%
1 Philippe Lafontaine
0%
1 Philippe Swan
0%
1 Rover
0%
1 Sefyu
0%
1 Sinclair
0%
1 St Germain
0%
1 Thierry Hazard
0%
1 Tim Dup
0%
1 William Sheller
0%
1 Woodkid
0%
1 Yamê
0%
Aucun quiz correspondant
Distribution des résultats
% des personnes avec chaque résultat
Percentile par nombre de réponses
Votre historique - résultats
Vous n’avez pas pris ce quiz depuis la dernière actualisation